LEADER 01296nam a2200277 u 4500 001 000000014059 003 CaOOAMICUS 005 20070226105723.0 008 940517s1981 gw u000 u ger u 035 $a10333921 040 $aPUL(R)$bita 100 1 $aHeidegger, Martin,$d1889-1976.$0(OLS)http://pul/name/5737 245 10$aAristoteles Metaphysik th 1-3 :$bvon Wesen und Wirklichkeit der Kraft /$cMartin Heidegger. 260 $aFrankfurt am Main :$bKlostermann,$cc1981. 300 $avii, 227 p. ;$c21 cm 490 1 $aGesamtausgabe.$aII Abt., Vorlesungen 1923-1944 ;$vBd. 33 500 $aContiene indice. 504 $aBibliografia in nota. 600 04$aAristoteles,$d384-322 a.C.$tMetaphysica$9(Aristoteles, 384-322 a.C.).$0(OLS)http://pul/subject/9973 830 0$aGesamtausgabe.$nII Abt.,$pVorlesungen 1923-1944 ;$vBd. 33.$0(OLS)http://pul/title/8154 850 $aPUL 852 $aPUL$W1$xSL Filosofia 2$y80$mPhil D4 46t.33$j19764$nBK-PRI$b $qStampati altre collocazioni$B19764$CPULBib$Z2$F19764 $H $81 941 1 $a10 961 $aINV: 59604 996 $6245$aAristoteles Metaphysik th 1-3 :$bvon Wesen und Wirklichkeit der Kraft$9(OLS)http://pul/title/20238 996 $6260$aFrankfurt am Main :$bKlostermann$9(OLS)http://pul/publisher/50926 LEADER 01027nam a2200229 a 4500 001 000000150129 003 CaOOAMICUS 005 20160308094953.0 008 160308s1902 it u000 u ita r 032 $aLibriCat 040 $aPUL$bita 245 00$aNuovo dizionario dei comuni e frazioni di comuni del Regno d'Italia :$bin relazione alle circoscrizioni amministrativa, giudiziaria, elettorale e militare ... 250 $aSesta edizione. 260 $aRoma :$bE. Voghera,$c1902. 300 $a295 p. ;$c24 cm. 650 4$aComuni$zItalia.$0(OLS)http://pul/subject/18016 850 $aPUL 852 $aPUL$W1$xDP1 Cons. Gen., Altre Classi 1$y22$m645 B 35$j172747$qStampati$B174622$CPULBib$Z2$F174622 $81 941 1 $a8 996 $6245$aNuovo dizionario dei comuni e frazioni di comuni del Regno d'Italia :$bin relazione alle circoscrizioni amministrativa, giudiziaria, elettorale e militare ...$9(OLS)http://pul/title/189198 996 $6260$aRoma :$bE. Voghera$9(OLS)http://pul/publisher/53315